[Event "MCR mladeze v rapidu 2019"]
[Site "Trest"]
[Date "2019.09.07"]
[Round "4"]
[White "Frank, Adam"]
[Black "Mach, Petr"]
[Result "1/2-1/2"]
[BlackElo "1911"]
[WhiteElo "2371"]
[LiveChessVersion "1.4.8"]

1. e4 {[%clk 0:20:07]} d5 {[%clk 0:20:09]} 2. exd5 {[%clk 0:20:11]} Nf6
{[%clk 0:20:13]} 3. d4 {[%clk 0:20:16]} Bg4 {[%clk 0:20:16]} 4. f3
{[%clk 0:20:17]} Bf5 {[%clk 0:20:20]} 5. Bd3 {[%clk 0:18:46]} Qxd5
{[%clk 0:18:29]} 6. Ne2 {[%clk 0:18:22]} Bxd3 {[%clk 0:18:15]} 7. Qxd3
{[%clk 0:18:22]} e6 {[%clk 0:18:07]} 8. O-O {[%clk 0:17:49]} Be7 {[%clk 0:16:13]}
9. Bf4 {[%clk 0:16:29]} Qd7 {[%clk 0:15:42]} 10. Nbc3 {[%clk 0:15:20]} O-O
{[%clk 0:15:18]} 11. Ne4 {[%clk 0:14:53]} Nc6 {[%clk 0:12:47]} 12. Rad1
{[%clk 0:14:11]} Nb4 {[%clk 0:11:14]} 13. Qb3 {[%clk 0:13:38]} Nbd5
{[%clk 0:09:47]} 14. Bg3 {[%clk 0:13:18]} c6 {[%clk 0:08:59]} 15. c4
{[%clk 0:12:59]} Nxe4 {[%clk 0:07:06]} 16. fxe4 {[%clk 0:13:01]} Nf6
{[%clk 0:07:00]} 17. Qf3 {[%clk 0:12:32]} Ne8 {[%clk 0:06:23]} 18. Nf4
{[%clk 0:11:15]} Nd6 {[%clk 0:05:14]} 19. c5 {[%clk 0:09:18]} Nb5
{[%clk 0:05:15]} 20. Bf2 {[%clk 0:09:00]} Rad8 {[%clk 0:04:37]} 21. a4
{[%clk 0:09:00]} Nc7 {[%clk 0:04:20]} 22. Nd3 {[%clk 0:08:42]} Bf6
{[%clk 0:04:07]} 23. Kh1 {[%clk 0:08:05]} Bxd4 {[%clk 0:03:28]} 24. Ne5
{[%clk 0:07:59]} Bxe5 {[%clk 0:03:32]} 25. Rxd7 {[%clk 0:08:03]} Rxd7
{[%clk 0:03:36]} 26. Bg3 {[%clk 0:07:58]} Bxg3 {[%clk 0:03:35]} 27. Qxg3
{[%clk 0:07:57]} Na6 {[%clk 0:03:32]} 28. Qc3 {[%clk 0:07:35]} Rfd8
{[%clk 0:03:31]} 29. h3 {[%clk 0:07:08]} Rd3 {[%clk 0:03:16]} 30. Qe5
{[%clk 0:06:46]} Nb4 {[%clk 0:02:47]} 31. Qc7 {[%clk 0:06:28]} R3d7
{[%clk 0:02:49]} 32. Qa5 {[%clk 0:06:25]} Nd3 {[%clk 0:02:27]} 33. b4
{[%clk 0:04:50]} a6 {[%clk 0:02:07]} 34. Kh2 {[%clk 0:04:14]} Ne5
{[%clk 0:01:06]} 35. b5 {[%clk 0:03:46]} axb5 {[%clk 0:01:05]} 36. axb5
{[%clk 0:03:49]} h6 {[%clk 0:00:45]} 37. bxc6 {[%clk 0:03:24]} Nxc6
{[%clk 0:00:41]} 38. Qb6 {[%clk 0:03:24]} Nd4 {[%clk 0:00:36]} 39. Ra1
{[%clk 0:02:53]} Ne2 {[%clk 0:00:22]} 40. Ra7 {[%clk 0:01:30]} Nc3
{[%clk 0:00:15]} 41. Rxb7 {[%clk 0:01:27]} Nxe4 {[%clk 0:00:10]} 42. Rxd7
{[%clk 0:01:25]} Rxd7 {[%clk 0:00:14]} 43. c6 {[%clk 0:01:29]} Rd2
{[%clk 0:00:11]} 44. c7 {[%clk 0:01:06]} Nd6 {[%clk 0:00:15]} 45. Qb8+
{[%clk 0:00:31]} Kh7 {[%clk 0:00:17]} 46. c8=Q {[%clk 0:00:35]} Nxc8
{[%clk 0:00:21]} 47. Qxc8 {[%clk 0:00:39]} Kg6 {[%clk 0:00:21]} 48. Qc3
{[%clk 0:00:33]} Rd5 {[%clk 0:00:24]} 49. g4 {[%clk 0:00:34]} h5 {[%clk 0:00:20]}
50. Qc2+ {[%clk 0:00:33]} Kh6 {[%clk 0:00:18]} 51. Qc1+ {[%clk 0:00:33]} Kg6
{[%clk 0:00:19]} 52. Kg3 {[%clk 0:00:23]} hxg4 {[%clk 0:00:22]} 53. hxg4
{[%clk 0:00:22]} Rd3+ {[%clk 0:00:19]} 54. Kh4 {[%clk 0:00:19]} Rd5
{[%clk 0:00:15]} 55. Qc2+ {[%clk 0:00:15]} Kf6 {[%clk 0:00:15]} 56. Qc3+
{[%clk 0:00:17]} Kg6 {[%clk 0:00:17]} 57. Qe3 {[%clk 0:00:18]} Kh7
{[%clk 0:00:11]} 58. Qf3 {[%clk 0:00:17]} Kg8 {[%clk 0:00:12]} 59. Qa3
{[%clk 0:00:13]} Kh7 {[%clk 0:00:14]} 60. Kg3 {[%clk 0:00:17]} Kg6
{[%clk 0:00:15]} 61. Kf4 {[%clk 0:00:19]} Rd4+ {[%clk 0:00:14]} 62. Kf3
{[%clk 0:00:21]} Rd5 {[%clk 0:00:18]} 63. Qa7 {[%clk 0:00:22]} Kf6
{[%clk 0:00:17]} 64. Kf4 {[%clk 0:00:25]} e5+ {[%clk 0:00:18]} 65. Kf3
{[%clk 0:00:26]} Rd3+ {[%clk 0:00:18]} 66. Ke2 {[%clk 0:00:25]} Rd4
{[%clk 0:00:17]} 67. Kf3 {[%clk 0:00:24]} Kg6 {[%clk 0:00:17]} 68. Qe7
{[%clk 0:00:25]} f6 {[%clk 0:00:16]} 69. Qe6 {[%clk 0:00:26]} Rf4+
{[%clk 0:00:18]} 70. Kg3 {[%clk 0:00:29]} Kg5 {[%clk 0:00:18]} 71. Qd7
{[%clk 0:00:30]} g6 {[%clk 0:00:18]} 72. Qc8 {[%clk 0:00:24]} Rd4
{[%clk 0:00:19]} 73. Qc1+ {[%clk 0:00:23]} Rf4 {[%clk 0:00:16]} 74. Qe3
{[%clk 0:00:19]} Kh6 {[%clk 0:00:19]} 75. Qa3 {[%clk 0:00:15]} Kg5
{[%clk 0:00:22]} 76. Qc1 {[%clk 0:00:19]} Kh6 {[%clk 0:00:25]} 77. Qh1+
{[%clk 0:00:23]} Kg7 {[%clk 0:00:25]} 78. Qb7+ {[%clk 0:00:13]} Kh6
{[%clk 0:00:27]} 79. Qh1+ {[%clk 0:00:16]} Kg7 {[%clk 0:00:31]} 80. Qh2
{[%clk 0:00:15]} g5 {[%clk 0:00:29]} 81. Qh5 {[%clk 0:00:14]} Rd4
{[%clk 0:00:30]} 82. Kf3 {[%clk 0:00:18]} Rf4+ {[%clk 0:00:32]} 83. Ke3
{[%clk 0:00:23]} Rd4 {[%clk 0:00:36]} 84. Qh3 {[%clk 0:00:23]} Rf4
{[%clk 0:00:40]} 85. Qg2 {[%clk 0:00:26]} Rd4 {[%clk 0:00:42]} 86. Qb7+
{[%clk 0:00:29]} Kg6 {[%clk 0:00:44]} 87. Qc8 {[%clk 0:00:33]} Kg7
{[%clk 0:00:43]} 88. Qf5 {[%clk 0:00:25]} Rf4 {[%clk 0:00:44]} 89. Qe6
{[%clk 0:00:27]} 1/2-1/2

[Event "MCR mladeze v rapidu 2019"]
[Site "Trest"]
[Date "2019.09.07"]
[Round "4"]
[White "Rokos, Filip"]
[Black "Jun, Rudolf"]
[Result "1/2-1/2"]
[BlackElo "2209"]
[WhiteElo "1735"]
[LiveChessVersion "1.4.8"]

1. e4 c5 2. Nf3 Nc6 3. Nc3 d6 4. d4 cxd4 5. Nxd4 e5 6. Ndb5 Nf6 7. Bg5 a6 8. Na3
b5 9. Nd5 Be7 10. Bxf6 Bxf6 11. c3 O-O 12. Nc2 Bg5 13. h4 Bh6 14. Bd3 Be6 15.
Nce3 Ne7 16. Nxe7+ Qxe7 17. Qe2 Bxe3 18. Qxe3 Rac8 19. g3 d5 20. O-O g6 21. a4
dxe4 22. Qxe4 Rcd8 23. Rfd1 Bd5 24. Qe3 Bb3 25. Rdb1 Qd6 26. Be2 bxa4 27. Bd1
Bxd1 28. Rxd1 Qxd1+ 29. Rxd1 Rxd1+ 30. Kg2 Rb1 31. Qb6 a3 32. Qxa6 Rxb2 33. Qxa3
Rfb8 34. Qd6 Rc8 35. Qxe5 Rc2 1/2-1/2

[Event "MCR mladeze v rapidu 2019"]
[Site "Trest"]
[Date "2019.09.07"]
[Round "4"]
[White "Hak, David"]
[Black "Kures, Michael"]
[Result "1-0"]
[BlackElo "1944"]
[WhiteElo "1926"]
[LiveChessVersion "1.4.8"]

1. e4 {[%clk 0:17:49]} c5 {[%clk 0:20:06]} 2. c3 {[%clk 0:17:53]} d5
{[%clk 0:19:59]} 3. exd5 {[%clk 0:17:53]} Qxd5 {[%clk 0:20:02]} 4. d4
{[%clk 0:17:57]} Nf6 {[%clk 0:19:58]} 5. Nf3 {[%clk 0:17:56]} Bg4
{[%clk 0:19:59]} 6. Nbd2 {[%clk 0:17:50]} cxd4 {[%clk 0:19:33]} 7. Bc4
{[%clk 0:16:46]} Qd8 {[%clk 0:19:30]} 8. Ne5 {[%clk 0:13:08]} Be6
{[%clk 0:17:33]} 9. Qa4+ {[%clk 0:11:17]} Nc6 {[%clk 0:13:28]} 10. Nxc6
{[%clk 0:09:30]} bxc6 {[%clk 0:13:32]} 11. Bxe6 {[%clk 0:08:40]} fxe6
{[%clk 0:13:32]} 12. Qxc6+ {[%clk 0:08:31]} Kf7 {[%clk 0:13:36]} 13. Nf3
{[%clk 0:07:18]} Qd5 {[%clk 0:13:27]} 14. cxd4 {[%clk 0:05:42]} Qxc6
{[%clk 0:12:39]} 15. Ne5+ {[%clk 0:05:45]} Ke8 {[%clk 0:12:29]} 16. Nxc6
{[%clk 0:05:49]} Nd5 {[%clk 0:12:09]} 17. O-O {[%clk 0:05:19]} g6
{[%clk 0:11:40]} 18. Re1 {[%clk 0:04:19]} Bg7 {[%clk 0:11:44]} 19. Bd2
{[%clk 0:03:49]} Kd7 {[%clk 0:11:41]} 20. Ne5+ {[%clk 0:03:24]} Bxe5
{[%clk 0:11:44]} 21. dxe5 {[%clk 0:03:10]} Rhc8 {[%clk 0:11:46]} 22. Rac1
{[%clk 0:03:08]} Rab8 {[%clk 0:11:43]} 23. b3 {[%clk 0:02:56]} Rb6
{[%clk 0:11:16]} 24. Rxc8 {[%clk 0:02:05]} Kxc8 {[%clk 0:11:20]} 25. Rc1+
{[%clk 0:02:10]} Kd7 {[%clk 0:11:24]} 26. Kf1 {[%clk 0:01:52]} Ra6
{[%clk 0:11:28]} 27. Rc2 {[%clk 0:01:52]} Rb6 {[%clk 0:10:49]} 28. Ke2
{[%clk 0:01:50]} Rb5 {[%clk 0:10:49]} 29. f4 {[%clk 0:01:45]} Rb8
{[%clk 0:10:49]} 30. Kf3 {[%clk 0:01:41]} Rf8 {[%clk 0:10:35]} 31. Kg4
{[%clk 0:01:26]} h6 {[%clk 0:10:36]} 32. h4 {[%clk 0:01:20]} Rf5 {[%clk 0:10:28]}
33. b4 {[%clk 0:00:57]} h5+ {[%clk 0:10:11]} 34. Kf3 {[%clk 0:01:01]} Rf8
{[%clk 0:10:12]} 35. a4 {[%clk 0:01:00]} a6 {[%clk 0:10:11]} 36. b5
{[%clk 0:00:37]} axb5 {[%clk 0:10:11]} 37. axb5 Rb8 {[%clk 0:10:15]} 38. Rb2
{[%clk 0:00:44]} Nc7 {[%clk 0:10:13]} 39. b6 {[%clk 0:00:37]} Nd5
{[%clk 0:10:16]} 40. Be3 {[%clk 0:00:27]} Kc6 {[%clk 0:10:05]} 41. Rc2+
{[%clk 0:00:18]} Kd7 {[%clk 0:10:07]} 42. Rb2 {[%clk 0:00:22]} Kc6
{[%clk 0:10:11]} 43. Rc2+ {[%clk 0:00:26]} Kd7 {[%clk 0:10:15]} 44. Rd2
{[%clk 0:00:16]} Kc6 {[%clk 0:10:10]} 45. Rb2 {[%clk 0:00:18]} Kb7
{[%clk 0:08:51]} 46. Bc5 {[%clk 0:00:15]} Rc8 {[%clk 0:08:53]} 47. Bd4
{[%clk 0:00:15]} Rc4 {[%clk 0:08:57]} 48. Rd2 {[%clk 0:00:13]} Rc1
{[%clk 0:08:30]} 49. g4 {[%clk 0:00:09]} Rf1+ {[%clk 0:08:32]} 50. Bf2
{[%clk 0:00:10]} Rc1 {[%clk 0:07:54]} 51. gxh5 {[%clk 0:00:13]} gxh5
{[%clk 0:07:58]} 52. Ke4 {[%clk 0:00:14]} Rc4+ {[%clk 0:07:50]} 53. Rd4 Rc2
{[%clk 0:07:42]} 54. Kf3 {[%clk 0:00:14]} Rc3+ {[%clk 0:07:41]} 55. Kg2
{[%clk 0:00:13]} Nxb6 {[%clk 0:07:40]} 56. Rb4 {[%clk 0:00:17]} Rc6
{[%clk 0:07:40]} 57. Kf3 {[%clk 0:00:16]} Rc3+ {[%clk 0:07:39]} 58. Ke4
{[%clk 0:00:18]} Rc4+ {[%clk 0:07:43]} 59. Rxc4 {[%clk 0:00:19]} Nxc4
{[%clk 0:07:47]} 60. f5 {[%clk 0:00:18]} exf5+ {[%clk 0:07:02]} 61. Kxf5
{[%clk 0:00:22]} Kc7 62. Ke6 {[%clk 0:00:14]} Kd8 {[%clk 0:07:10]} 63. Bc5
{[%clk 0:00:14]} Ke8 {[%clk 0:07:12]} 64. Bb4 {[%clk 0:00:11]} Kf8
{[%clk 0:06:45]} 65. Bxe7+ {[%clk 0:00:14]} Kg7 {[%clk 0:06:49]} 66. Bf6+
{[%clk 0:00:18]} Kg6 {[%clk 0:06:54]} 67. Kd5 {[%clk 0:00:12]} Ne3+
{[%clk 0:06:57]} 68. Ke4 {[%clk 0:00:11]} Ng4 {[%clk 0:07:01]} 69. Bg5
{[%clk 0:00:12]} Kf7 {[%clk 0:07:05]} 70. Kf5 Nf2 {[%clk 0:07:06]} 71. e6+
{[%clk 0:00:20]} Ke8 {[%clk 0:07:08]} 72. Kg6 {[%clk 0:00:23]} Ne4
{[%clk 0:07:07]} 73. Kxh5 {[%clk 0:00:25]} Nc5 {[%clk 0:07:10]} 74. e7
{[%clk 0:00:26]} Ne6 {[%clk 0:07:13]} 75. Kg6 {[%clk 0:00:29]} Nc7
{[%clk 0:07:03]} 76. h5 {[%clk 0:00:30]} Nd5 {[%clk 0:07:06]} 77. h6 1-0

[Event "MCR mladeze v rapidu 2019"]
[Site "Trest"]
[Date "2019.09.07"]
[Round "4"]
[White "Dudek, Vojtech"]
[Black "Petricek, Lukas"]
[Result "1/2-1/2"]
[BlackElo "2023"]
[WhiteElo "1983"]
[LiveChessVersion "1.4.8"]

1. d4 {[%clk 0:20:07]} Nf6 {[%clk 0:20:09]} 2. Bf4 {[%clk 0:20:11]} e6
{[%clk 0:20:06]} 3. e3 {[%clk 0:19:46]} d5 {[%clk 0:20:04]} 4. c3
{[%clk 0:19:45]} Bd6 {[%clk 0:20:07]} 5. Bg3 {[%clk 0:19:48]} O-O
{[%clk 0:19:52]} 6. Bd3 {[%clk 0:19:44]} b6 {[%clk 0:19:54]} 7. Nf3
{[%clk 0:19:46]} Ba6 {[%clk 0:19:33]} 8. Bxa6 {[%clk 0:19:29]} Nxa6
{[%clk 0:19:37]} 9. Qd3 {[%clk 0:19:33]} Nb8 {[%clk 0:19:35]} 10. Nbd2
{[%clk 0:19:27]} Nbd7 {[%clk 0:19:31]} 11. Ne5 {[%clk 0:19:10]} Nh5
{[%clk 0:18:38]} 12. Nxd7 {[%clk 0:17:05]} Qxd7 {[%clk 0:18:32]} 13. e4
{[%clk 0:17:08]} f5 {[%clk 0:14:15]} 14. Bxd6 {[%clk 0:14:01]} Qxd6
{[%clk 0:14:04]} 15. e5 {[%clk 0:13:37]} Qe7 {[%clk 0:13:53]} 16. g3
{[%clk 0:12:16]} g5 {[%clk 0:10:54]} 17. O-O-O {[%clk 0:11:45]} c5
{[%clk 0:10:50]} 18. h4 {[%clk 0:09:12]} g4 {[%clk 0:10:15]} 19. Rhg1
{[%clk 0:08:51]} Ng7 {[%clk 0:10:01]} 20. Qe3 {[%clk 0:08:14]} cxd4
{[%clk 0:09:44]} 21. cxd4 {[%clk 0:08:18]} Ne8 {[%clk 0:08:35]} 22. h5
{[%clk 0:06:10]} Qg7 {[%clk 0:07:01]} 23. Kb1 {[%clk 0:05:10]} Nc7
{[%clk 0:06:52]} 24. Nb3 {[%clk 0:04:55]} a5 {[%clk 0:06:32]} 25. Nc1
{[%clk 0:04:59]} a4 {[%clk 0:04:29]} 26. Nd3 {[%clk 0:04:31]} Nb5
{[%clk 0:03:47]} 27. Nf4 {[%clk 0:04:22]} Rfe8 {[%clk 0:03:27]} 28. Rc1
{[%clk 0:04:18]} Qd7 {[%clk 0:02:01]} 29. h6 {[%clk 0:02:58]} Rec8
{[%clk 0:01:21]} 30. Nh5 {[%clk 0:02:45]} Qf7 {[%clk 0:00:54]} 31. Nf6+
{[%clk 0:02:28]} Kf8 {[%clk 0:00:42]} 32. Rxc8+ {[%clk 0:02:17]} Rxc8
{[%clk 0:00:45]} 33. Rc1 {[%clk 0:02:21]} Rxc1+ {[%clk 0:00:34]} 34. Qxc1
{[%clk 0:02:25]} Qb7 {[%clk 0:00:32]} 35. Qg5 {[%clk 0:01:54]} Qf7
{[%clk 0:00:33]} 36. Qf4 {[%clk 0:00:29]} a3 {[%clk 0:00:35]} 37. Qc1
{[%clk 0:00:12]} Qb7 {[%clk 0:00:21]} 38. Qg5 {[%clk 0:00:10]} Qf7
{[%clk 0:00:24]} 39. Qc1 {[%clk 0:00:08]} Qb7 {[%clk 0:00:26]} 40. Qg5
{[%clk 0:00:08]} 1/2-1/2

[Event "MCR mladeze v rapidu 2019"]
[Site "Trest"]
[Date "2019.09.07"]
[Round "4"]
[White "Voriskova, Anna"]
[Black "Trasakova, Adela"]
[Result "1-0"]
[BlackElo "1656"]
[WhiteElo "1591"]
[LiveChessVersion "1.4.8"]

1. e4 {[%clk 0:20:07]} c6 {[%clk 0:20:09]} 2. d4 {[%clk 0:19:23]} d5
{[%clk 0:20:12]} 3. Nc3 {[%clk 0:19:27]} dxe4 {[%clk 0:20:13]} 4. Nxe4
{[%clk 0:19:30]} Bf5 {[%clk 0:20:16]} 5. Ng3 {[%clk 0:19:29]} Bg6
{[%clk 0:20:19]} 6. Nf3 {[%clk 0:19:28]} Nd7 {[%clk 0:20:13]} 7. Bf4
{[%clk 0:19:04]} e6 {[%clk 0:20:02]} 8. Bd3 {[%clk 0:18:51]} Bxd3
{[%clk 0:19:55]} 9. Qxd3 {[%clk 0:18:42]} Ngf6 {[%clk 0:19:25]} 10. O-O
{[%clk 0:18:24]} Be7 {[%clk 0:19:08]} 11. Rfe1 {[%clk 0:17:52]} O-O
{[%clk 0:18:30]} 12. Rad1 {[%clk 0:17:22]} Nd5 {[%clk 0:17:38]} 13. Bd2
{[%clk 0:17:03]} c5 {[%clk 0:15:15]} 14. c4 {[%clk 0:16:27]} N5f6
{[%clk 0:14:50]} 15. Bc3 {[%clk 0:16:05]} cxd4 {[%clk 0:14:09]} 16. Nxd4
{[%clk 0:15:39]} Nc5 {[%clk 0:12:22]} 17. Qe2 {[%clk 0:15:40]} Qb6
{[%clk 0:11:22]} 18. Nf3 {[%clk 0:13:56]} Rfd8 {[%clk 0:09:48]} 19. Qc2
{[%clk 0:13:34]} h6 {[%clk 0:08:14]} 20. b4 {[%clk 0:13:32]} Ncd7
{[%clk 0:07:17]} 21. a3 {[%clk 0:13:32]} Rac8 {[%clk 0:06:54]} 22. c5
{[%clk 0:13:05]} Qc7 {[%clk 0:06:14]} 23. Qb2 {[%clk 0:06:55]} b6
{[%clk 0:04:42]} 24. Nf5 {[%clk 0:06:32]} Bf8 {[%clk 0:03:35]} 25. Bxf6
{[%clk 0:05:49]} Nxf6 {[%clk 0:03:18]} 26. cxb6 {[%clk 0:05:24]} axb6
{[%clk 0:03:13]} 27. Nxh6+ {[%clk 0:04:59]} Kh7 {[%clk 0:01:49]} 28. Rc1
{[%clk 0:03:46]} Qd7 {[%clk 0:01:25]} 29. Ne5 {[%clk 0:03:34]} Rxc1 30. Qxc1
{[%clk 0:03:36]} Qd2 {[%clk 0:00:24]} 31. Nhxf7 {[%clk 0:02:56]} Qxc1
{[%clk 0:00:16]} 32. Rxc1 {[%clk 0:03:00]} Rd5 {[%clk 0:00:18]} 33. Ng5+
{[%clk 0:02:14]} Kg8 {[%clk 0:00:13]} 34. Nef3 {[%clk 0:01:51]} Be7
{[%clk 0:00:12]} 35. Nxe6 {[%clk 0:01:20]} 1-0

[Event "MCR mladeze v rapidu 2019"]
[Site "Trest"]
[Date "2019.09.07"]
[Round "4"]
[White "Hosova, Sandra"]
[Black "Sulcova, Tereza Radmila"]
[Result "0-1"]
[BlackElo "1580"]
[WhiteElo "1581"]
[LiveChessVersion "1.4.8"]

1. Nf3 {[%clk 0:20:08]} Nf6 {[%clk 0:20:04]} 2. d4 {[%clk 0:20:12]} g6
{[%clk 0:20:06]} 3. Bf4 {[%clk 0:20:14]} Bg7 {[%clk 0:20:08]} 4. e3
{[%clk 0:20:15]} d5 {[%clk 0:20:10]} 5. Bd3 {[%clk 0:20:14]} O-O {[%clk 0:20:11]}
6. Nbd2 {[%clk 0:20:15]} c5 {[%clk 0:20:07]} 7. dxc5 {[%clk 0:20:01]} Qa5
{[%clk 0:20:02]} 8. c3 {[%clk 0:19:32]} Qxc5 {[%clk 0:19:59]} 9. O-O
{[%clk 0:19:26]} Bg4 {[%clk 0:19:32]} 10. Qb3 {[%clk 0:19:00]} Qc6
{[%clk 0:18:35]} 11. Ne5 {[%clk 0:18:26]} Qc8 {[%clk 0:18:22]} 12. Rac1
{[%clk 0:17:43]} Be6 {[%clk 0:18:16]} 13. Qb4 {[%clk 0:17:08]} Re8
{[%clk 0:17:05]} 14. Bb5 {[%clk 0:16:30]} Nbd7 {[%clk 0:16:58]} 15. c4
{[%clk 0:15:28]} Qd8 {[%clk 0:16:20]} 16. Bxd7 {[%clk 0:15:14]} Nxd7
{[%clk 0:16:22]} 17. cxd5 {[%clk 0:14:04]} Bxd5 {[%clk 0:15:27]} 18. Nxd7
{[%clk 0:13:52]} Qxd7 {[%clk 0:15:27]} 19. Bg3 {[%clk 0:12:45]} Rac8
{[%clk 0:15:08]} 20. Rfd1 {[%clk 0:12:04]} Rxc1 {[%clk 0:13:06]} 21. Rxc1
{[%clk 0:12:08]} Bc6 {[%clk 0:13:10]} 22. Nc4 {[%clk 0:11:23]} Qd5
{[%clk 0:12:12]} 23. f3 {[%clk 0:11:16]} Bh6 {[%clk 0:10:20]} 24. Re1
{[%clk 0:10:22]} Bb5 {[%clk 0:10:02]} 25. Na5 {[%clk 0:09:18]} Qd3
{[%clk 0:09:31]} 26. Bf2 {[%clk 0:08:43]} b6 {[%clk 0:08:07]} 27. Nb3
{[%clk 0:08:34]} e6 {[%clk 0:07:44]} 28. Nc1 {[%clk 0:08:12]} Qd7
{[%clk 0:06:50]} 29. Qh4 {[%clk 0:07:46]} Bg7 {[%clk 0:06:47]} 30. b3
{[%clk 0:07:38]} Bc3 {[%clk 0:06:35]} 31. Qf4 {[%clk 0:06:30]} Bxe1
{[%clk 0:06:21]} 32. Bxe1 {[%clk 0:06:34]} Qd1 {[%clk 0:05:29]} 33. Qb4
{[%clk 0:06:01]} Qxc1 {[%clk 0:05:27]} 34. Kf2 {[%clk 0:05:38]} Qc2+
{[%clk 0:05:21]} 35. Kg1 {[%clk 0:05:21]} Qe2 {[%clk 0:05:08]} 0-1

[Event "MCR mladeze v rapidu 2019"]
[Site "Trest"]
[Date "2019.09.07"]
[Round "4"]
[White "Markova, Karolina"]
[Black "Pejrimovska, Viola Ruby"]
[Result "1/2-1/2"]
[BlackElo "1585"]
[WhiteElo "1518"]
[LiveChessVersion "1.4.8"]

1. e4 c5 2. Nc3 e6 3. g3 a6 4. Bg2 d6 5. f4 Nf6 6. d3 Be7 7. Nf3 Nc6 8. O-O O-O
9. h3 b5 {[%clk 0:20:14]} 10. g4 {[%clk 0:19:34]} d5 {[%clk 0:16:35]} 11. e5
{[%clk 0:19:31]} Nd7 {[%clk 0:16:30]} 12. a3 {[%clk 0:18:06]} Bb7
{[%clk 0:16:27]} 13. Qe1 {[%clk 0:17:35]} d4 {[%clk 0:16:04]} 14. Ne4
{[%clk 0:17:29]} c4 {[%clk 0:15:47]} 15. Qe2 {[%clk 0:15:46]} Nb6
{[%clk 0:15:30]} 16. f5 {[%clk 0:12:25]} exf5 {[%clk 0:14:22]} 17. gxf5
{[%clk 0:12:29]} f6 {[%clk 0:14:03]} 18. e6 {[%clk 0:12:15]} Ra7 {[%clk 0:11:12]}
19. h4 {[%clk 0:11:28]} Ne5 {[%clk 0:10:13]} 20. Nxe5 {[%clk 0:10:26]} fxe5
{[%clk 0:10:13]} 21. h5 {[%clk 0:10:10]} Bxe4 {[%clk 0:06:45]} 22. Bxe4
{[%clk 0:09:47]} Bf6 {[%clk 0:06:43]} 23. Kh1 {[%clk 0:07:50]} Bg5
{[%clk 0:05:40]} 24. Qh2 {[%clk 0:07:00]} Bxc1 {[%clk 0:05:22]} 25. Raxc1
{[%clk 0:07:00]} Nd5 {[%clk 0:05:00]} 26. Rg1 {[%clk 0:04:40]} Nf4
{[%clk 0:05:03]} 27. h6 {[%clk 0:04:23]} Qf6 {[%clk 0:04:57]} 28. hxg7
{[%clk 0:04:08]} Rxg7 {[%clk 0:04:51]} 29. Rxg7+ {[%clk 0:04:11]} Kxg7
{[%clk 0:04:21]} 30. Rg1+ {[%clk 0:04:09]} Kh8 {[%clk 0:04:21]} 31. Rg4
{[%clk 0:03:26]} Rg8 {[%clk 0:03:49]} 32. Rxg8+ {[%clk 0:03:28]} Kxg8
{[%clk 0:03:52]} 33. Qg3+ {[%clk 0:03:03]} Kh8 {[%clk 0:03:46]} 34. Qh2
{[%clk 0:02:57]} cxd3 {[%clk 0:02:33]} 35. cxd3 {[%clk 0:02:49]} Kg8
{[%clk 0:01:21]} 36. Qg3+ {[%clk 0:02:45]} Kh8 {[%clk 0:01:23]} 37. Qh2
{[%clk 0:02:16]} Kg8 {[%clk 0:01:26]} 38. b4 {[%clk 0:01:51]} Kh8
{[%clk 0:01:12]} 39. Kg1 {[%clk 0:00:32]} Qg5+ {[%clk 0:01:06]} 40. Kf1
{[%clk 0:00:32]} Qg4 {[%clk 0:00:15]} 41. e7 {[%clk 0:00:09]} Qd1+
{[%clk 0:00:11]} 42. Kf2 {[%clk 0:00:13]} Qe2+ {[%clk 0:00:07]} 43. Kg3
{[%clk 0:00:08]} Qe1+ {[%clk 0:00:08]} 44. Kf3 {[%clk 0:00:07]} Qd1+
{[%clk 0:00:11]} 45. Kg3 {[%clk 0:00:11]} Nh5+ {[%clk 0:00:08]} 46. Kh3
{[%clk 0:00:11]} 1/2-1/2

[Event "MCR mladeze v rapidu 2019"]
[Site "Trest"]
[Date "2019.09.07"]
[Round "4"]
[White "Habinova, Alice"]
[Black "Strnadova, Monika"]
[Result "0-1"]
[BlackElo "1548"]
[WhiteElo "1583"]
[LiveChessVersion "1.4.8"]

1. e4 c5 2. Nc3 Nc6 3. f4 g6 4. Nf3 Bg7 5. Bc4 d6 6. O-O Nf6 7. d3 O-O 8. Bd2 Bg4
9. Qe1 Bxf3 10. gxf3 Nd4 11. Qd1 Qd7 12. Ne2 Nh5 13. c3 Nxe2+ 14. Qxe2 b5 15. Bd5
Rab8 16. Kh1 c4 17. Rg1 e6 18. dxc4 exd5 19. cxd5 b4 20. f5 bxc3 21. Bxc3 Bxc3
22. bxc3 Rbe8 23. Qd2 Qc7 24. Qg5 Qxc3 25. Rac1 Qxf3+ 26. Ra1 Qc3 27. Qxh5 Qc5
0-1

[Event "MCR mladeze v rapidu 2019"]
[Site "Trest"]
[Date "2019.09.07"]
[Round "4"]
[White "Hladky, Tadeas"]
[Black "Paseka, Matyas"]
[Result "0-1"]
[BlackElo "2119"]
[WhiteElo "1716"]
[LiveChessVersion "1.4.8"]

1. e4 {[%clk 0:20:09]} c5 {[%clk 0:20:09]} 2. Nf3 {[%clk 0:20:12]} d6
{[%clk 0:20:13]} 3. d4 {[%clk 0:20:07]} cxd4 {[%clk 0:20:16]} 4. Nxd4
{[%clk 0:20:10]} Nf6 {[%clk 0:20:19]} 5. Nc3 {[%clk 0:20:14]} a6 {[%clk 0:20:23]}
6. Be3 {[%clk 0:20:08]} e5 {[%clk 0:20:26]} 7. Nb3 {[%clk 0:20:07]} Be6
{[%clk 0:20:29]} 8. Be2 {[%clk 0:20:08]} Nbd7 {[%clk 0:20:24]} 9. O-O
{[%clk 0:20:09]} b5 {[%clk 0:20:23]} 10. Nd5 {[%clk 0:16:53]} Bxd5
{[%clk 0:19:10]} 11. exd5 {[%clk 0:16:53]} Nb6 {[%clk 0:19:12]} 12. Bxb6
{[%clk 0:14:19]} Qxb6 {[%clk 0:19:15]} 13. c4 {[%clk 0:13:43]} Be7
{[%clk 0:18:21]} 14. Nd2 {[%clk 0:12:03]} O-O {[%clk 0:18:06]} 15. b3
{[%clk 0:10:31]} Nd7 {[%clk 0:17:59]} 16. Ne4 {[%clk 0:08:55]} f5
{[%clk 0:17:25]} 17. Nc3 {[%clk 0:08:57]} b4 {[%clk 0:16:38]} 18. Na4
{[%clk 0:08:49]} Qb7 {[%clk 0:16:27]} 19. f3 {[%clk 0:07:53]} Nb6
{[%clk 0:15:38]} 20. Nxb6 {[%clk 0:07:41]} Qxb6+ {[%clk 0:15:41]} 21. Kh1
{[%clk 0:07:44]} Bf6 {[%clk 0:15:40]} 22. Rc1 {[%clk 0:07:26]} Rac8
{[%clk 0:15:40]} 23. Bd3 {[%clk 0:06:52]} g6 {[%clk 0:15:44]} 24. Qe2
{[%clk 0:06:18]} Rfe8 {[%clk 0:14:52]} 25. c5 {[%clk 0:05:50]} Rxc5
{[%clk 0:14:26]} 26. Bxa6 {[%clk 0:05:39]} Kg7 {[%clk 0:14:20]} 27. Rxc5
{[%clk 0:03:54]} Qxc5 {[%clk 0:14:23]} 28. Qc4 {[%clk 0:03:57]} Ra8
{[%clk 0:13:49]} 29. Qe2 {[%clk 0:01:28]} Qxd5 {[%clk 0:13:03]} 30. Rc1
{[%clk 0:01:29]} Qa5 {[%clk 0:12:19]} 31. Bb5 {[%clk 0:01:05]} Qxa2
{[%clk 0:09:14]} 32. Qd3 {[%clk 0:00:22]} Qb2 {[%clk 0:08:16]} 33. Rd1
{[%clk 0:00:24]} Ra2 {[%clk 0:07:41]} 34. Rg1 {[%clk 0:00:12]} Qd2
{[%clk 0:06:06]} 35. Qxd2 {[%clk 0:00:07]} Rxd2 {[%clk 0:06:09]} 36. Rc1
{[%clk 0:00:06]} e4 {[%clk 0:05:51]} 37. fxe4 {[%clk 0:00:07]} fxe4
{[%clk 0:05:55]} 38. Rc7+ {[%clk 0:00:08]} Kh6 {[%clk 0:05:49]} 39. Kg1
{[%clk 0:00:11]} e3 {[%clk 0:05:34]} 40. Rf7 {[%clk 0:00:07]} Rd1+
{[%clk 0:05:28]} 41. Bf1 {[%clk 0:00:08]} e2 {[%clk 0:05:28]} 0-1